Cricket: Most Career Test Dismissals by a Wicketkeeper - Statistics

General Stats
  • This quiz has been taken 48 times
  • The average score is 12 of 20
Answer Stats
Country Years Innings Dismissals Answer % Correct
AUS 1999-2008 191 416 Adam Gilchrist
98%
IND 2005-2014 166 294 MS Dhoni
95%
SA 1997-2012 281 555 Mark Boucher
90%
AUS 2008-2015 128 270 Brad Haddin
85%
AUS 1988-1999 224 395 Ian Healy
78%
ENG 2007-2014 146 256 Matt Prior
78%
AUS 1970-1984 182 355 Rod Marsh
73%
ENG 1990-2003 141 241 Alec Stewart
68%
SA 2014-2021* 92 219 Quinton de Kock
66%
WI 1981-1991 150 270 Jeff Dujon
61%
NZ 2009-2021* 123 257 BJ Watling
59%
ENG 1967-1981 174 269 Allan Knott
54%
WI 2005-2016 131 217 Denesh Ramdin
51%
PAK 2002-2010 99 206 Kamran Akmal
46%
NZ 1990-2002 121 201 Adam Parore
41%
WI 1963-1980 119 189 Deryck Murray
37%
IND 1976-1986 151 198 Syed Kirmani
34%
WI 1998-2004 122 219 Ridley Jacobs
29%
ENG 1946-1959 175 219 Godfrey Evans
27%
PAK 1967-1984 146 228 Wasim Bari
24%
No matching quizzes found
Score Distribution
Percent of People with Each Score
Percentile by Number Answered
Your Score History
You have not taken this quiz